Deutscher EM Kader 2008 - Statistiken

Allgemein
  • Dieses Quiz wurde 241 mal gespielt
  • Das Durchschnittsergebnis liegt bei 16 aus 24
Antwortstatistiken
Position Nummer Antwort % Korrekt
Mittelfeld 7 Bastian Schweinsteiger
96%
Tor 1 Jens Lehmann
95%
Abwehr 16 Philipp Lahm
95%
Sturm 20 Lukas Podolski
94%
Sturm 11 Miroslav Klose
93%
Trainer Joachim Löw
91%
Mittelfeld 13 Michael Ballack
91%
Abwehr 17 Per Mertesacker
88%
Sturm 9 Mario Gómez
86%
Mittelfeld 8 Torsten Frings
80%
Abwehr 3 Arne Friedrich
76%
Tor 23 René Adler
72%
Abwehr 21 Christoph Metzelder
69%
Tor 12 Robert Enke
69%
Abwehr 2 Marcell Jansen
58%
Sturm 10 Oliver Neuville
56%
Mittelfeld 19 David Odonkor
53%
Mittelfeld 18 Tim Borowski
49%
Mittelfeld 14 Piotr Trochowski
44%
Sturm 22 Kevin Kurányi
43%
Abwehr 4 Clemens Fritz
31%
Mittelfeld 6 Simon Rolfes
27%
Mittelfeld 15 Thomas Hitzlsperger
23%
Abwehr 5 Heiko Westermann
22%
Keine übereinstimmenden Quizze gefunden
Verteilung der Resultate
Anzahl Personen mit jedem Resultat
Perzentil nach korrekt beantworteten Fragen
Ihre Resultats-Entwicklung
Sie haben dieses Quiz noch nicht gespielt